The Income Tax (Construction Industry Scheme) Regulations 2005 (Record no. 104476)
[ view plain ]
| 000 -LEADER | |
|---|---|
| fixed length control field | 01132cam a2200205 4500 |
| 001 - CONTROL NUMBER | |
| control field | L130538 |
| 008 - FIXED-LENGTH DATA ELEMENTS--GENERAL INFORMATION | |
| fixed length control field | 050810n2005 000 0 eng u |
| 020 ## - INTERNATIONAL STANDARD BOOK NUMBER | |
| International Standard Book Number | 0110731719 |
| 035 ## - SYSTEM CONTROL NUMBER | |
| System control number | (Sirsi) u130538 |
| 041 ## - LANGUAGE CODE | |
| Language code of text/sound track or separate title | eng |
| 245 #4 - TITLE STATEMENT | |
| Title | The Income Tax (Construction Industry Scheme) Regulations 2005 |
| 260 ## - PUBLICATION, DISTRIBUTION, ETC. | |
| Place of publication, distribution, etc. | London |
| Name of publisher, distributor, etc. | OPSI |
| Date of publication, distribution, etc. | 2005 |
| 490 ## - SERIES STATEMENT | |
| Series statement | SI |
| Volume/sequential designation | 2005: 2045 |
| 520 ## - SUMMARY, ETC. | |
| Summary, etc. | Come into force 6 April 2006. Implement the reform of the Construction Industry Scheme replacing the card, certificate and voucher system with a requirement that contractors should contact HM Revenue and Customs to confirm that the contract is one of self-employment and whether the subcontractor should be paid net or gross. Contractors will submit a monthly return to the HM Revenue and Customs showing the amount paid and deductions made for all subcontractors. Apply to the UK. |
| 590 ## - LOCAL NOTE (RLIN) | |
| Local note | IKA160805 |
| 650 ## - SUBJECT ADDED ENTRY--TOPICAL TERM | |
| Topical term or geographic name entry element | INCOME TAX (CONSTRUCTION INDUSTRY SCHEME) REGULATIONS 2005 |
| 690 ## - LOCAL SUBJECT ADDED ENTRY--TOPICAL TERM (OCLC, RLIN) | |
| Topical term or geographic name as entry element | Construction management |
| 9 (RLIN) | 6230 |
| 856 ## - ELECTRONIC LOCATION AND ACCESS | |
| Uniform Resource Identifier | <a href="https://www.opsi.gov.uk/si/si2005/20052045.htm">https://www.opsi.gov.uk/si/si2005/20052045.htm</a> |
| Public note | View the item free of charge at www.opsi.gov.uk... |
| 942 ## - ADDED ENTRY ELEMENTS (KOHA) | |
| Suppress in OPAC | 0 |
| Withdrawn status | Lost status | Source of classification or shelving scheme | Damaged status | Not for loan | Home library | Current library | Shelving location | Date acquired | Total Checkouts | Full call number | Barcode | Date last seen | Copy number | Price effective from | Koha item type |
|---|---|---|---|---|---|---|---|---|---|---|---|---|---|---|---|
| Dewey Decimal Classification | Virtual | Virtual | Online | 10/08/2005 | ONLINE PUBLICATION | 130538-1001 | 06/08/2019 | 1 | 06/08/2019 | Book |